Supremacía : estrategia de guerra [juego] /
Guardado en:
| Formato: | Objeto Físico |
|---|---|
| Publicado: |
Argentina :
Toyco,
[199?]
|
| Materias: | |
| Etiquetas: |
Agregar Etiqueta
Sin Etiquetas, Sea el primero en etiquetar este registro!
|
| LEADER | 00768nrm a22001575g 4500 | ||
|---|---|---|---|
| 001 | CEM.cems019431 | ||
| 008 | 130507b199?##################0###0#####d | ||
| 005 | 20220830181712.0 | ||
| 245 | 0 | 0 | |a Supremacía : |b estrategia de guerra [juego] / |c Toyco. |
| 260 | |a Argentina : |b Toyco, |c [199?] | ||
| 300 | |a 1 juego (1 tablero, 3 dados rojos, 3 dados blancos, 42 cartas de países, 2 comodines, 14 cartas objetivos, 6 cajas con 130 fichas de 6 colores diferentes) ; en caja 25 x 48 x 4 cm. + manual de instrucciones. | ||
| 500 | |a Para 3 a 6 jugadores a partir de 10 años objetivo: cumplir los objetivos correspondientes. | ||
| 082 | 0 | 4 | |a J793.92 |
| 653 | |a 1. juegos de estrategia de guerra | ||
| 653 | |a 2. juegos de guerra | ||
| 859 | |a CEMS |b BIB. CEMS - Ludoteca |h J793.92 |i T668 |p 194.99 |t Ej.1 | ||
